| 000 | 00785nam a2200229 i 4500 | ||
|---|---|---|---|
| 001 | 184104 | ||
| 003 | ES-MaACL | ||
| 005 | 20251001150026.0 | ||
| 008 | 150316s1944 sp |||| |bspa d | ||
| 080 | _a929 Fernández de Córdoba, Gonzalo | ||
| 100 | 1 |
_aVigón, Jorge. _9114665 |
|
| 245 | 1 | 3 |
_aEl gran capitán / _cJorge Vigón. |
| 260 |
_aMadrid : _bAtlas, _c1944. |
||
| 300 |
_a157 p. ; _c20 cm. |
||
| 490 | 1 |
_aVidas ; _v12 |
|
| 597 | _aCon sello de: Biblioteca D.P. Educación Nacional, Madrid. | ||
| 598 | _aColección de biografías... bajo la dir. de Joaquín Arrarás. | ||
| 600 | 1 | 7 |
_aFernández de Córdoba, Gonzalo, _d1453-1515- _vBiografías _2 _9146725 |
| 830 | 0 |
_aVidas ; _v12 _9192031 |
|
| 852 |
_aES-MaACL _jE-15498 _z. - enc. hol. |
||
| 999 |
_c184104 _d184104 |
||